01959 a2200181 45000010006000000050017000060080041000230030015000640400040000790800083001192450027002020200018002292640043002473000026002905051349003161000021016658560091016862188920260407155508.0260407a1992 arg spa dAR-UNSa-BCEJYS aAR-UNSa-BCEJYSbspacAR-UNSa-BCEJYS a658.15xAdministración financiera privada. Gestión financiera de empresas 10aDecisiones Financieras a950-537-201-9 1aBuenos Aires :bEdiciones Macchic1992 axviii, 621 p.c21 cm. a1. Alcance y objetivos de las finanzas 2. Valuación y algunos principios en Finanzas 3. Los elementos del análisis de decisiones de inversión 4. Criterio para el análisis de inversiones 5. Tasa de rentabilidad versus valores presentes netos 6. Definición del flujo de fondo 7. Análisi de inversiones en condiciones de incertidumbre 8. Análisis de portafolios de inversiones 9. Fundamentos teóricos sobre riesgo y retorno 10. El retorno requerido para los proyectos 11. La inflación y el análisis de inversiones fijas y de activos de trabajo 12. Decisiones de financiamiento y la hipótesis de mercado eficientes 13. Los elementos del análisis de decisiones de financiamiento 14. Calculo del costo de las deudas 15. Leasing 16. El laverage y sus efectos 17. Decisiones de estructura financiera 18. La determinación del nivel de endeudamiento en la práctica 19. Factores que influyen en la política de dividendos 20. Dividendos y su relación con inversiones y financiamiento 21. Elementos para algunas decisiones en moneda extranjera y mercados foward 22. Futuros 23. Opciones 24. Introducción a las finnazas de instituciones financieras 25. La rentabilidad de instituciones financieras 26. Los riesgos en instituciones financieras 27. Aproximación al estado del arte en finanzas a manera de epilogo. 1 aPascale, Ricardo41uhttps://170.210.207.44/pmb/images/libros/L125644_01.jpgyImagen de portadaqimage/jpeg